| 000 -LEADER |
| fixed length control field |
02281cam a22005178i 4500 |
| 001 - CONTROL NUMBER |
| control field |
21294369 |
| 005 - DATE AND TIME OF LATEST TRANSACTION |
| control field |
20220923154109.0 |
| 006 - FIXED-LENGTH DATA ELEMENTS--ADDITIONAL MATERIAL CHARACTERISTICS |
| fixed length control field |
m |o d | |
| 007 - PHYSICAL DESCRIPTION FIXED FIELD--GENERAL INFORMATION |
| fixed length control field |
cr ||||||||||| |
| 008 - FIXED-LENGTH DATA ELEMENTS--GENERAL INFORMATION |
| fixed length control field |
191104t20202020pau ob 001 0 eng |
| 010 ## - LIBRARY OF CONGRESS CONTROL NUMBER |
| LC control number |
2019035502 |
| 020 ## - INTERNATIONAL STANDARD BOOK NUMBER |
| International Standard Book Number |
9781845417352 |
| Qualifying information |
(Kindle Edition) |
| 020 ## - INTERNATIONAL STANDARD BOOK NUMBER |
| Canceled/invalid ISBN |
9781845417314 |
| Qualifying information |
(Paperback) |
| 020 ## - INTERNATIONAL STANDARD BOOK NUMBER |
| International Standard Book Number |
9781845417338 |
| Qualifying information |
(Adobe PDF) |
| 020 ## - INTERNATIONAL STANDARD BOOK NUMBER |
| International Standard Book Number |
9781845417345 |
| Qualifying information |
(ePub) |
| 020 ## - INTERNATIONAL STANDARD BOOK NUMBER |
| Canceled/invalid ISBN |
9781845417321 |
| Qualifying information |
(Hardback) |
| 040 ## - CATALOGING SOURCE |
| Original cataloging agency |
DLC |
| Language of cataloging |
eng |
| Transcribing agency |
DLC |
| Description conventions |
rda |
| 042 ## - AUTHENTICATION CODE |
| Authentication code |
pcc |
| 050 00 - LIBRARY OF CONGRESS CALL NUMBER |
| Classification number |
G155.A1 |
| 082 00 - DEWEY DECIMAL CLASSIFICATION NUMBER |
| Classification number |
338.4791 |
| Author Mark |
DWY |
| 100 1# - MAIN ENTRY--PERSONAL NAME |
| Personal name |
Dwyer, Larry, |
| Relator term |
author. |
| 9 (RLIN) |
98984 |
| 245 10 - TITLE STATEMENT |
| Title |
Tourism economics and policy / |
| Statement of responsibility, etc. |
Larry Dwyer, Peter Forsyth, and Wayne Dwyer. |
| 250 ## - EDITION STATEMENT |
| Edition statement |
Second Edition. |
| 263 ## - PROJECTED PUBLICATION DATE |
| Projected publication date |
2001 |
| 264 #1 - PRODUCTION, PUBLICATION, DISTRIBUTION, MANUFACTURE, AND COPYRIGHT NOTICE |
| Place of production, publication, distribution, manufacture |
Blue Ridge Summit, Pennsylvania : |
| Name of producer, publisher, distributor, manufacturer |
Channel View Publications, |
| Date of production, publication, distribution, manufacture, or copyright notice |
2020. |
| 264 #4 - PRODUCTION, PUBLICATION, DISTRIBUTION, MANUFACTURE, AND COPYRIGHT NOTICE |
| Date of production, publication, distribution, manufacture, or copyright notice |
© 2020. |
| 300 ## - PHYSICAL DESCRIPTION |
| Extent |
1 online resource |
| 336 ## - CONTENT TYPE |
| Content type term |
text |
| Content type code |
txt |
| Source |
rdacontent |
| 337 ## - MEDIA TYPE |
| Media type term |
computer |
| Media type code |
c |
| Source |
rdamedia |
| 338 ## - CARRIER TYPE |
| Carrier type term |
online resource |
| Carrier type code |
cr |
| Source |
rdacarrier |
| 490 0# - SERIES STATEMENT |
| Series statement |
Aspects of tourism texts; |
| Volume/sequential designation |
5 |
| 500 ## - GENERAL NOTE |
| General note |
First edition published 2010. |
| 504 ## - BIBLIOGRAPHY, ETC. NOTE |
| Bibliography, etc. note |
Includes bibliographical references and index. |
| 520 ## - SUMMARY, ETC. |
| Summary, etc. |
"This revised edition incorporates new material on the sharing economy, AI, surface and marine transport, resident quality of life issues, the price mechanism, the economic contribution of tourism, and tourism and economic growth. It remains an accessible text for students, researchers and practitioners in tourism economics and policy"-- |
| Assigning source |
Provided by publisher. |
| 588 ## - SOURCE OF DESCRIPTION NOTE |
| Source of description note |
Description based on print version record and CIP data provided by publisher; resource not viewed. |
| 650 #0 - SUBJECT ADDED ENTRY--TOPICAL TERM |
| Topical term or geographic name entry element |
Tourism |
| General subdivision |
Forecasting. |
| 9 (RLIN) |
98985 |
| 650 #0 - SUBJECT ADDED ENTRY--TOPICAL TERM |
| Topical term or geographic name entry element |
Tourism |
| General subdivision |
Management. |
| 9 (RLIN) |
94047 |
| 650 #0 - SUBJECT ADDED ENTRY--TOPICAL TERM |
| Topical term or geographic name entry element |
Tourism |
| General subdivision |
Government policy. |
| 9 (RLIN) |
98986 |
| 700 1# - ADDED ENTRY--PERSONAL NAME |
| Personal name |
Forsyth, P. |
| Fuller form of name |
(Peter), |
| Relator term |
author. |
| 9 (RLIN) |
98987 |
| 700 1# - ADDED ENTRY--PERSONAL NAME |
| Personal name |
Dwyer, Wayne, |
| Relator term |
author. |
| 9 (RLIN) |
98988 |
| 776 08 - ADDITIONAL PHYSICAL FORM ENTRY |
| Relationship information |
Print version: |
| Main entry heading |
Dwyer, Larry. |
| Title |
Tourism economics and policy |
| Edition |
Second Edition. |
| Place, publisher, and date of publication |
Blue Ridge Summit, Pennsylvania : Channel View Publications, 2020. |
| International Standard Book Number |
9781845417314 |
| Record control number |
(DLC) 2019035501 |
| 830 #0 - SERIES ADDED ENTRY--UNIFORM TITLE |
| Uniform title |
Aspects of tourism texts. |
| 9 (RLIN) |
98989 |
| 906 ## - LOCAL DATA ELEMENT F, LDF (RLIN) |
| a |
7 |
| b |
cbc |
| c |
orignew |
| d |
1 |
| e |
ecip |
| f |
20 |
| g |
y-gencatlg |
| 942 ## - ADDED ENTRY ELEMENTS (KOHA) |
| Source of classification or shelving scheme |
|
| Koha item type |
Book |